Ils ont joué avec Toni Kroos - Statistiques

Statistiques générales
  • Ce quiz a été pris 93 fois
  • Le résultat moyen est 6 sur 10
Statistiques - réponses
Clubs En activité / Retraité Joueur % Correct
Southampton, Tottenham, Real Madrid, Tottenham, Real Madrid, Los Angeles FC Retraité Gareth Bale
92%
Colo-Colo, Bayer Leverkusen, Juventus, Bayern Munich, FC Barcelone, Inter, Flamengo, Athletico Paranaense, Colo-Colo En activité Arturo Vidal
64%
Deportivo Saprissa, Albacete, UD Levante, Real Madrid, Paris SG, Nottingham Forest, Paris SG, Newell's Old Boys, Pumas UNAM En activité Keylor Navas
64%
Real Madrid, Lyon, Real Madrid, Séville, Deportivo Alavés En activité Mariano Díaz
61%
Bayern Munich, Hoffenheim, Bayern Munich, Real Madrid En activité David Alaba
59%
Dortmund, Bayern Munich, Dortmund, PSV, Eintracht Francfort En activité Mario Gotze
59%
Betis Séville, Real Madrid, Arsenal, Real Madrid En activité Dani Ceballos
58%
Real Sociedad, Eibar, Real Sociedad, Liverpool, Real Madrid, Bayern Munich Retraité Xabi Alonso
58%
Stuttgart, Real Madrid, Juventus, Hertha Berlin Retraité Sami Khedira
49%
Stuttgart, Bayern Munich, Fiorentina, Besiktas, Fiorentina, Wolfsburg, Stuttgart Retraité Mario Gómez
45%
Aucun quiz correspondant
Distribution des résultats
% des personnes avec chaque résultat
Percentile par nombre de réponses
Votre historique - résultats
Vous n’avez pas pris ce quiz